Click The Austrian Cities On A Map - Statistics

General Stats
  • This quiz has been taken 31 times
  • The average score is 10 of 16
Answers on the Map
Answers color-coded by a green-red scale on the quiz's map according to % correct below.
 
Answer Stats
Answer % Correct
Vienna
83%
Graz
74%
Innsbruck
74%
Klagenfurt
70%
Salzburg
70%
Braunau am Inn
65%
Kufstein
65%
Linz
65%
Villach
65%
Wels
65%
Bregenz
61%
Leoben
57%
Lienz
52%
Wiener Neustadt
52%
Eisenstadt
48%
St. Pölten
48%
No matching quizzes found
Score Distribution
Percent of People with Each Score
Percentile by Number Answered
Your Score History
You have not taken this quiz